<?xml version="1.0" encoding="UTF-8"?>
<collection xmlns="http://www.loc.gov/MARC21/slim">
 <record>
  <leader>00469pamaa2200157   4500</leader>
  <controlfield tag="001">0000030506</controlfield>
  <controlfield tag="005">20080707090000.0</controlfield>
  <datafield tag="020" ind1="0" ind2="0">
   <subfield code="a">0074636197 </subfield>
  </datafield>
  <datafield tag="082" ind1=" " ind2=" ">
   <subfield code="a">624.171 GUP 1999</subfield>
  </datafield>
  <datafield tag="090" ind1="0" ind2="0">
   <subfield code="a">TA645 </subfield>
   <subfield code="b">GUP 1999</subfield>
  </datafield>
  <datafield tag="100" ind1="1" ind2="0">
   <subfield code="a">Gupta </subfield>
  </datafield>
  <datafield tag="245" ind1="1" ind2="0">
   <subfield code="a">Theory of structures : </subfield>
   <subfield code="b">vol. II  </subfield>
   <subfield code="c">S. P. Gupta, G. S. Gupta and Rajesh Gupta.</subfield>
  </datafield>
  <datafield tag="260" ind1="0" ind2="0">
   <subfield code="a">New Delhi: </subfield>
   <subfield code="b">tata McGraw-Hill, </subfield>
   <subfield code="c">1999.</subfield>
  </datafield>
  <datafield tag="300" ind1=" " ind2=" ">
   <subfield code="a">viii, 574p.; </subfield>
   <subfield code="c">24cm.</subfield>
  </datafield>
  <datafield tag="500" ind1="0" ind2="0">
   <subfield code="a">Includes 1 diskette</subfield>
  </datafield>
  <datafield tag="650" ind1="0" ind2="0">
   <subfield code="a">Structural analysis (Engineering) </subfield>
  </datafield>
 </record>
</collection>
